| Tag |
First Indicator |
Second Indicator |
Subfields |
| LEADER |
00000cam a2200000 4500 |
| 001 |
in00000014499 |
| 005 |
20151007052228.0 |
| 008 |
840216s1967 gr abf b 00010 gre d |
| 035 |
|
|
|a (OCoLC)10421156
|
| 035 |
|
|
|9 AAA6868AM
|
| 040 |
|
|
|a MBB
|c MBB
|d TXA
|d UtOrBLW
|
| 041 |
0 |
|
|a gre
|b eng
|
| 049 |
|
|
|a TXAM
|c [A12585241]
|
| 050 |
|
4 |
|a DF221.T4
|b T36 1967
|
| 100 |
1 |
|
|a Theocharis, D.,
|d 1919-1977.
|
| 245 |
1 |
3 |
|a Hē augē tēs Thessalikēs proïstorias ;
|b archē kai prōimē exelixē tēs Neolithikēs /
|c Demetrios R. Theochares.
|
| 264 |
|
1 |
|a Volos :
|b Philarchaios Hetaireia,
|c [1967]
|
| 264 |
|
4 |
|c [©1967]
|
| 300 |
|
|
|a xvi, 186 pages, 33 unnumbered pages of plates :
|b illustrations, maps. ;
|c 29 cm.
|
| 336 |
|
|
|a text
|b txt
|2 rdacontent
|
| 337 |
|
|
|a unmediated
|b n
|2 rdamedia
|
| 338 |
|
|
|a volume
|b nc
|2 rdacarrier
|
| 490 |
1 |
|
|a Thessalika meletēmata,
|v ar. 1
|
| 500 |
|
|
|a In Greek characters.
|
| 500 |
|
|
|a English summary : pages [169]-178.
|
| 504 |
|
|
|a Bibliography : pages [xi]-xvi.
|
| 651 |
|
0 |
|a Thessaly (Greece)
|x Antiquities.
|
| 830 |
|
0 |
|a Thessalika meletemata ;
|v ar. 1.
|
| 999 |
|
|
|a MARS
|
| 999 |
f |
f |
|s 70f21e3a-f6ea-3d13-af3b-135a88d5becd
|i 6ec1d210-5230-3ef6-9122-5422f02d45c4
|t 0
|
| 952 |
f |
f |
|p ric
|a Texas A&M University
|b Rellis Campus
|c Joint Library Facility
|d Remote Storage
|t 0
|e DF221.T4 T36 1967
|h Library of Congress classification
|i unmediated -- volume
|m A14812585241
|
| 998 |
f |
f |
|a DF221.T4 T36 1967
|t 0
|l Remote Storage
|